Finančný manažment
Gespeichert in:
| Hauptverfasser: | , |
|---|---|
| Format: | Buch |
| Sprache: | Slowakisch |
| Veröffentlicht: |
Bratislava :
Iura Edition,
2002
|
| Ausgabe: | 1. vyd |
| Schlagworte: | |
| Tags: |
Keine Tags, Fügen Sie das erste Tag hinzu!
|
MARC
| LEADER | 00000nam a22000003a 4500 | ||
|---|---|---|---|
| 001 | stu82151 | ||
| 005 | 20251113094305.0 | ||
| 008 | 031014s2002----xo------------------slo-d | ||
| 020 | |a 80-89047-17-3 | ||
| 040 | |a STU |b slo | ||
| 041 | 0 | |a slo | |
| 044 | |a xo | ||
| 080 | |a 658.15 | ||
| 080 | |a 658.1/Fi | ||
| 100 | 1 | |a Kráľovič, Jozef |4 aut | |
| 245 | 1 | |a Finančný manažment | |
| 250 | |a 1. vyd | ||
| 260 | |a Bratislava : |b Iura Edition, |c 2002 | ||
| 300 | |a 419 s | ||
| 650 | 7 | |a manažment finančný |2 stusub | |
| 700 | 1 | |a Vlachynský, Karol |4 aut | |
| 996 | |b 284M058285 |c M*11214-3 |l MMKN |s A |a 24 |w stu82151_0001 | ||
| 996 | |b 284M057093 |c M*11214-1 |l MMKN |s A |a 24 |w stu82151_0002 | ||
| 996 | |b 284M057094 |c M*11214-2 |l MMKN |s A |a 24 |w stu82151_0003 | ||
| 996 | |b 284M074245 |c M*11214-4 |l MMKN |s A |a 24 |w stu82151_0004 | ||